00615 2200241 4500001002100000005001700021008004100038035002400079082001200103090001900115100002400134245004000158250001100198260002900209300002200238440002300260500002600283650001500309850001500324980001300339985000600352999001500358YOGYA-0209000000998920090227022005.0 ind  0010-020900000009989 a301.152 a301.152bSun D aSUNARYO, Junaesih S aOpini publikcDjoenaesih S. Sunarjo aCet. 1 aYogyakartabLibrtyc1984 avi, 79 hlmc21 cm aIlmu komunikasi, 4 aBibliografi : hlm. 79 aKomunikasi aYOPDYOG(B) a02-07-05 a1 aP000026344